000 00419nam a22001697a 4500
003 LK-CoDNM
005 20240906151823.0
008 240906b |||||||| |||| 00| 0 eng d
040 _aLK-CoDNM
_dLK-CoDNM
_eLK-CoDNM
041 _aenm
080 _a6
_bB20.1
100 _aCotteau.E
245 _aPromenade Dans L'inde Et A Ceylan
260 _aE.Plon Et
_bParis
_c1880
300 _a432p. : map ; 18cm
942 _cBK
999 _c151474
_d151474